Normal view
MARC view
Entry Topical Term
001 - CONTROL NUMBER
- control field: 55029
003 - CONTROL NUMBER IDENTIFIER
- control field: OSt
005 - DATE AND TIME OF LATEST TRANSACTION
- control field: 20241011105432.0
008 - FIXED-LENGTH DATA ELEMENTS
- fixed length control field: 241011|| aca||aabn | a|a d
040 ## - CATALOGING SOURCE
- Original cataloging agency: OSt
- Transcribing agency: OSt
150 ## - HEADING--TOPICAL TERM
- Topical term or geographic name entry element: ရွှေဥမင်ဘုရား
- Form subdivision: သမိုင်း
- Geographic subdivision: ပင်းတယမြို့
670 ## - SOURCE DATA FOUND
- Source citation: Work cat.: (OSt)16699: ရွှေဥမင်ဘုရားသမိုင်းနှင့် ပင်းတယမြို့ရာဇဝင်။, ၁၉၆၁။